| 000 | 00816nam1a2200265 i 4500 | ||
|---|---|---|---|
| 001 | RU\NLR\BIBL_A\011274859 | ||
| 005 | 20260406121312.0 | ||
| 035 | _a(NLR Aleph) 011274859 | ||
| 090 |
_a10839927 _c10839927 |
||
| 100 | _a20161004g20169999u y0rusy50 ca | ||
| 101 | 0 | _arus | |
| 102 | _aRU | ||
| 105 | _a |||z|||||||| | ||
| 200 | 1 |
_aОбратная сила _e[роман _eв 3 т.] _fАлександра Маринина |
|
| 210 |
_aМосква _cЭ _d2016 |
||
| 215 | _d21 | ||
| 225 | 1 | _aБольше чем детектив | |
| 333 | _a16+ | ||
| 686 | 2 | _aШ6(2=Р)8-446 | |
| 700 | 1 |
_8rus _7ca _aМаринина _bА. Б. _gАлександра Борисовна _f1957- _3RU\NLR\AUTH\77515 _9110564 |
|
| 852 |
_aNLR _j2016-3/28731 |
||
| 942 | _cBOOK | ||